000 00465 a2200157 4500
000 BKB
001 071092
005 20200902150926.0
008
082 _a658.872
_bQ15I
100 1 _aQin, Zheng
245 1 _aIntroduction to e-commerce
_cby Zheng Qin
260 _aNew York
_bSpringer
_c2009
300 _a517p.
690 _aElectronic commerce; Management information systems; Electronic commerce--Management
999 _c4448
_d4448